000 00867nam a22002057a 4500
003 OSt
005 20250915163627.0
008 240322b ||||| |||| 00| 0 eng d
040 _c0
082 _aDPer 621.381 In821 September 2022 v. 37 n. 9
100 _aPark, Hwa-Pyeong.
_eauthor.
_955112
245 _aSmart DC optimizer for DC series arc fault detection and extinguishing /
_cHwa-Pyeong Park, Mina Kim, and Suyong Chae.
260 _aNew York ;
_bThe Institute of Electrical and Electronics Engineers, Inc. ,
_cSeptember 2022.
300 _aVolume 37, pages 10117-10121 :
_billustration ;
_c28 cm.
500 _aIEEE Transactions on Power Electronics, vol. 37, no. 9, pages 10117-10121, September 2022.
700 _aPark, Hwa-Pyeong.
_eauthor.
_955112
700 _aKim, Mina.
_eauthor.
_955113
700 _aChae, Suyong.
_eauthor.
_955114
942 _2ddc
_cPER
999 _c19780
_d19780